Purampokkinte adharangal/ (Record no. 181602)

000 -LEADER
fixed length control field 00433nam a2200157 4500
020 ## - INTERNATIONAL STANDARD BOOK NUMBER
ISBN 9789361004865
082 ## - DEWEY DECIMAL CLASSIFICATION NUMBER
Classification number M09
Item number RAK/P
100 ## - MAIN ENTRY--AUTHOR NAME
Personal name Rakesh Cherucodu
245 ## - TITLE STATEMENT
Title Purampokkinte adharangal/
Statement of responsibility, etc by Rakesh Cherucodu
260 ## - PUBLICATION, DISTRIBUTION, ETC. (IMPRINT)
Place of publication Thiruvananthapuram:
Name of publisher Kerala Bhasha Institute,
Year of publication 2024.
300 ## - PHYSICAL DESCRIPTION
Number of Pages 216p.
650 ## - SUBJECT ADDED ENTRY--TOPICAL TERM
Topical Term Literature Malayalam Criticism
650 ## - SUBJECT ADDED ENTRY--TOPICAL TERM
Topical Term Literature Malayalam
650 ## - SUBJECT ADDED ENTRY--TOPICAL TERM
Topical Term Literature
942 ## - ADDED ENTRY ELEMENTS (KOHA)
Koha item type Book
Holdings
Withdrawn status Lost status Damaged status Not for loan Permanent Location Current Location Shelving location Date acquired Cost, normal purchase price Full call number Accession Number Price effective from Koha item type
        Sree Sankaracharya University of Sanskrit Sree Sankaracharya University of Sanskrit Stacks 18.05.2026 200.00 M09 RAK/P 108576 18.05.2026 Book